Význam přímych zahraničních investic pro rozvoj čínské ekonomiky

Stručná charakteristika súčasnej ekonomiky Tibetu. Kanton ako hospodársky zázrak. Analýza motivácie zahraničných investorov. Jednásty päťročný plán ČĽR. Reforma štátnych podnikov.

Saved in:
Bibliographic Details
Main Author: Kratochvíl, Jakub
Other Authors: Stuchlíková, Zuzana
Format: Book Chapter
Language:Czech
Subjects:
Tags: Add Tag
No Tags, Be the first to tag this record!

MARC

LEADER 00000naa$a2200000$$$4500
001 0089611
005 20231116104548.3
041 0 |a cze 
044 |a CZ 
245 1 0 |a Význam přímych zahraničních investic pro rozvoj čínské ekonomiky  |c Jakub Kratochvíl, Zuzana Stuchlíková 
520 |a Stručná charakteristika súčasnej ekonomiky Tibetu. Kanton ako hospodársky zázrak. Analýza motivácie zahraničných investorov. Jednásty päťročný plán ČĽR. Reforma štátnych podnikov. 
610 2 0 |a Čína 
610 2 0 |a reformy hospodárske 
610 2 0 |a plánovanie hospodárske 
610 2 0 |a situácia hospodárska 
610 2 0 |a investície priame zahraničné 
100 1 |a Kratochvíl, Jakub 
700 1 |a Stuchlíková, Zuzana